[Event "30th Klatovy A 2024"]
[Site "Klatovy CZE"]
[Date "2024.07.02"]
[Round "4.15"]
[White "Sadil, Antonin"]
[Black "Roubal, Matyas"]
[Result "0-1"]
[WhiteElo "1956"]
[BlackElo "1870"]
[PlyCount "120"]
[EventDate "2024.06.29"]
[EventType "swiss"]
[EventRounds "9"]
[EventCountry "CZE"]

1. e4 c5 2. Nc3 d6 3. g3 Nc6 4. Bg2 g6 5. d3 Bg7 6. Be3 e6 7. Qd2 Nd4 8. Nd1 e5 9. c3 Nc6 10. Ne2 Be6 11. d4 cxd4 12. cxd4 exd4 13. Nxd4 Nxd4 14. Bxd4 Bxd4 15. Qxd4 Qa5+ 16. Nc3 Qe5 17. Nb5 Qxd4 18. Nxd4 Kd7 19. Kd2 Ne7 20. Nxe6 fxe6 21. Bh3 Rac8 22. Rac1 Rc6 23. Bg4 Rhc8 24. Be2 Rxc1 25. Rxc1 Rxc1 26. Kxc1 g5 27. Kd2 Ng8 28. Ke3 e5 29. Bg4+ Kc6 30. Be6 Nf6 31. f4 gxf4+ 32. gxf4 Nh5 33. fxe5 dxe5 34. Bd5+ Kc7 35. Kf3 Nf4 36. Bc4 Kd6 37. Kg4 Kc5 38. Bg8 h6 39. Kf5 Kd4 40. Bh7 Nd3 41. Kg4 Nf2+ 42. Kf3 Nh3 43. Kg4 Ng5 44. Bg6 Nxe4 45. Kh5 Nf6+ 46. Kxh6 e4 47. Bxe4 Kxe4 48. h4 Kf5 49. Kg7 Ke6 50. Kg6 b5 51. Kg5 b4 52. Kf4 a5 53. Kg5 a4 54. Kf4 Nd5+ 55. Kg5 Kf7 56. Kf5 Nc3 57. Ke5 Nxa2 58. Kd4 Kg6 59. Kc4 b3 60. Kb5 a3 0-1

[Event "30th Klatovy A 2024"]
[Site "Klatovy CZE"]
[Date "2024.07.02"]
[Round "4.16"]
[White "Bara, Jan"]
[Black "Benes, Jachym"]
[Result "1/2-1/2"]
[WhiteElo "1909"]
[BlackElo "1940"]
[PlyCount "48"]
[EventDate "2024.06.29"]
[EventType "swiss"]
[EventRounds "9"]
[EventCountry "CZE"]

1. e4 e6 2. d4 d5 3. Nd2 c5 4. Ngf3 cxd4 5. Nxd4 Nf6 6. exd5 Nxd5 7. Bb5+ Bd7 8. Bxd7+ Qxd7 9. O-O Nc6 10. N2f3 Be7 11. c4 Nf6 12. Nxc6 Qxc6 13. Ne5 Qa6 14. Bg5 O-O 15. Bxf6 gxf6 16. Qg4+ Kh8 17. Nf3 Rg8 18. Qe4 Rad8 19. Rfd1 Qa4 20. Rxd8 Rxd8 21. b3 Qd7 22. h3 Bf8 23. Qe3 b6 24. Re1 Bb4 1/2-1/2

[Event "30th Klatovy A 2024"]
[Site "Klatovy CZE"]
[Date "2024.07.02"]
[Round "4.17"]
[White "Pick, Stepan"]
[Black "Zrust, Lukas"]
[Result "1/2-1/2"]
[WhiteElo "1919"]
[BlackElo "1850"]
[PlyCount "41"]
[EventDate "2024.06.29"]
[EventType "swiss"]
[EventRounds "9"]
[EventCountry "CZE"]

1. Nf3 Nf6 2. c4 g6 3. Nc3 d5 4. cxd5 Nxd5 5. h4 Bg7 6. e4 Nxc3 7. dxc3 Qxd1+ 8. Kxd1 Bd7 9. Bc4 Nc6 10. Bf4 O-O-O 11. Kc2 e5 12. Be3 f6 13. Nd2 h6 14. b4 b6 15. f3 f5 16. Bb3 f4 17. Bf2 g5 18. g4 Ne7 19. h5 Kb7 20. Rhd1 Bc6 21. Nc4 1/2-1/2

[Event "30th Klatovy A 2024"]
[Site "Klatovy CZE"]
[Date "2024.07.02"]
[Round "4.18"]
[White "Simek, Vladimir"]
[Black "Kovar, Petr"]
[Result "0-1"]
[WhiteElo "1805"]
[BlackElo "1904"]
[PlyCount "98"]
[EventDate "2024.06.29"]
[EventType "swiss"]
[EventRounds "9"]
[EventCountry "CZE"]

1. e4 c5 2. Nf3 d6 3. d4 cxd4 4. Nxd4 Nf6 5. Nc3 g6 6. Bb5+ Bd7 7. Qd3 Bg7 8. Bxd7+ Qxd7 9. Bg5 O-O 10. Bxf6 Bxf6 11. Nd5 Bg7 12. c3 Nc6 13. O-O Rfe8 14. Nb5 Ne5 15. Qe2 Rac8 16. Nxa7 Rb8 17. f4 Nc6 18. Nb5 Nd8 19. f5 e6 20. Ndc7 Rf8 21. f6 Bh8 22. Rad1 Qc6 23. Rxd6 Qc5+ 24. Qf2 Qe5 25. Qf4 Qc5+ 26. Kh1 Rc8 27. Qf2 Rxc7 28. Qxc5 Rxc5 29. Nd4 Nc6 30. b4 Rxc3 31. b5 Nxd4 32. Rxd4 Rfc8 33. h3 Rc1 34. Rd8+ Rxd8 35. Rxc1 Bxf6 36. Rc2 Be5 37. Kg1 Bg3 38. Kf1 Rd1+ 39. Ke2 Rb1 40. Kf3 Be5 41. g4 h6 42. a4 Rb3+ 43. Kf2 Rb4 44. Rc8+ Kg7 45. Ra8 Kf6 46. Kf3 Kg5 47. Ra7 Rb3+ 48. Kf2 Bd4+ 49. Kg2 Bxa7 0-1

[Event "30th Klatovy A 2024"]
[Site "Klatovy CZE"]
[Date "2024.07.02"]
[Round "4.19"]
[White "Slivova, Linda"]
[Black "Paldus, Jan"]
[Result "1-0"]
[WhiteElo "1842"]
[BlackElo "1828"]
[PlyCount "71"]
[EventDate "2024.06.29"]
[EventType "swiss"]
[EventRounds "9"]
[EventCountry "CZE"]

1. d4 d5 2. Bf4 Nf6 3. Nf3 c5 4. e3 Qb6 5. Nc3 Qxb2 6. Nb5 Na6 7. Rb1 Qxa2 8. Ra1 Qb2 9. Rxa6 bxa6 10. Nc7+ Kd7 11. Nxa8 Bb7 12. Nc7 Qb4+ 13. Nd2 c4 14. Be2 Ne4 15. Bf3 g5 16. Bxe4 dxe4 17. Bg3 e6 18. O-O Bd6 19. Nxe6 Kxe6 20. Bxd6 Kxd6 21. Qe2 Bd5 22. f3 exf3 23. Nxf3 f6 24. e4 Re8 25. Nd2 Re6 26. Rf5 Bb7 27. Nxc4+ Ke7 28. d5 Rb6 29. Nxb6 axb6 30. h3 a5 31. e5 Qd4+ 32. Kh2 Bxd5 33. exf6+ Kf7 34. Qe7+ Kg6 35. f7 Qd2 36. Rxg5+ 1-0

[Event "30th Klatovy A 2024"]
[Site "Klatovy CZE"]
[Date "2024.07.01"]
[Round "3.1"]
[White "Formanek, Martin"]
[Black "Straka, Vojtech"]
[Result "0-1"]
[WhiteElo "2197"]
[BlackElo "2436"]
[PlyCount "56"]
[EventDate "2024.06.29"]
[EventType "swiss"]
[EventRounds "9"]
[EventCountry "CZE"]

1. e4 {[%emt 0:00:52]} c5 {[%emt 0:00:17]} 2. Nf3 {[%emt 0:00:19]} e6 {[%emt 0:02:23]} 3. g3 {[%emt 0:00:16]} Nf6 {[%emt 0:04:24]} 4. Qe2 {[%emt 0:00:13]} d5 {[%emt 0:04:12]} 5. exd5 {[%emt 0:02:17]} Nxd5 {[%emt 0:00:37]} 6. Bg2 {[%emt 0:01:21]} Nc6 {[%emt 0:01:03]} 7. O-O {[%emt 0:00:37]} Be7 {[%emt 0:00:30]} 8. d3 {[%emt 0:05:19]} O-O {[%emt 0:03:53]} 9. c3 {[%emt 0:01:04]} Qc7 {[%emt 0:08:52]} 10. Na3 {[%emt 0:18:20]} a6 {[%emt 0:08:04]} 11. Nc2 {[%emt 0:01:56]} b5 {[%emt 0:05:38]} 12. Bg5 {[%emt 0:11:13]} Bb7 {[%emt 0:13:06]} 13. Bxe7 {[%emt 0:03:18]} Ncxe7 {[%emt 0:01:25]} 14. d4 {[%emt 0:00:26]} Nb6 {[%emt 0:05:58]} 15. dxc5 {[%emt 0:02:20]} Qxc5 {[%emt 0:00:18]} 16. Ncd4 {[%emt 0:00:34]} Bd5 {[%emt 0:06:06]} 17. Rfe1 {[%emt 0:04:46]} Rac8 {[%emt 0:18:50]} 18. Nb3 {[%emt 0:16:20]} Qc7 {[%emt 0:01:02]} 19. Ng5 {[%emt 0:02:19]} Bxg2 {[%emt 0:08:34]} 20. Kxg2 {[%emt 0:00:37]} h6 {[%emt 0:00:13]} 21. Ne4 {[%emt 0:01:28]} Na4 {[%emt 0:00:36]} 22. f3 {[%emt 0:02:57]} Rfd8 {[%emt 0:03:09]} 23. Rad1 {[%emt 0:00:17]} Nf5 {[%emt 0:00:41]} 24. Qf2 {[%emt 0:02:56]} Rxd1 {[%emt 0:00:45]} 25. Rxd1 {[%emt 0:00:15]} Nxb2 {[%emt 0:00:06]} 26. Rd2 {[%emt 0:03:23]} Na4 {[%emt 0:01:53]} 27. Rd3 {[%emt 0:00:25]} Ne7 {[%emt 0:02:34]} 28. Qd4 {[%emt 0:03:23]} Nd5 {[%emt 0:01:04]} 0-1

[Event "30th Klatovy A 2024"]
[Site "Klatovy CZE"]
[Date "2024.07.01"]
[Round "3.2"]
[White "Jordanov, Mihail"]
[Black "Skypala, Ondrej"]
[Result "1/2-1/2"]
[WhiteElo "2177"]
[BlackElo "2223"]
[PlyCount "147"]
[EventDate "2024.06.29"]
[EventType "swiss"]
[EventRounds "9"]
[EventCountry "CZE"]

1. e4 {[%emt 0:00:46]} e6 {[%emt 0:00:05]} 2. d4 {[%emt 0:00:27]} d5 {[%emt 0:00:04]} 3. Nd2 {[%emt 0:00:25]} c5 {[%emt 0:00:11]} 4. exd5 {[%emt 0:00:35]} Qxd5 {[%emt 0:00:07]} 5. Ngf3 {[%emt 0:00:42]} cxd4 {[%emt 0:00:08]} 6. Bc4 {[%emt 0:00:18]} Qd6 {[%emt 0:00:06]} 7. O-O {[%emt 0:00:58]} Nf6 {[%emt 0:00:03]} 8. Nb3 {[%emt 0:02:18]} Nc6 {[%emt 0:00:05]} 9. Re1 {[%emt 0:06:27]} a6 {[%emt 0:00:10]} 10. a4 {[%emt 0:00:54]} Qc7 {[%emt 0:02:12]} 11. Bg5 {[%emt 0:07:50]} Bb4 {[%emt 0:05:23]} 12. Re2 {[%emt 0:13:27]} O-O {[%emt 0:11:14]} 13. Bd3 {[%emt 0:10:52]} Nd5 {[%emt 0:36:39]} 14. Nfxd4 {[%emt 0:09:09]} Nxd4 {[%emt 0:01:18]} 15. Nxd4 {[%emt 0:00:04]} Bd6 {[%emt 0:05:17]} 16. h3 {[%emt 0:17:15]} h6 {[%emt 0:00:50]} 17. Bd2 {[%emt 0:00:44]} Rd8 {[%emt 0:21:06]} 18. c3 {[%emt 0:05:46]} Nf4 {[%emt 0:01:26]} 19. Bxf4 {[%emt 0:00:39]} Bxf4 {[%emt 0:00:05]} 20. Qc2 {[%emt 0:01:43]} Bd7 {[%emt 0:03:12]} 21. Be4 {[%emt 0:05:41]} Rac8 {[%emt 0:01:07]} 22. Rd1 {[%emt 0:04:48]} Qb6 {[%emt 0:04:48]} 23. Ra1 {[%emt 0:07:09]} Bb8 {[%emt 0:01:55]} 24. g3 {[%emt 0:05:45]} Ba7 {[%emt 0:01:55]} 25. Qb3 {[%emt 0:09:48]} Qxb3 {[%emt 0:00:41]} 26. Nxb3 {[%emt 0:00:05]} Bc6 {[%emt 0:01:11]} 27. Bxc6 {[%emt 0:00:18]} Rxc6 {[%emt 0:00:05]} 28. Rd2 {[%emt 0:00:16]} Rxd2 {[%emt 0:00:44]} 29. Nxd2 {[%emt 0:00:04]} Kf8 {[%emt 0:00:31]} 30. Kf1 {[%emt 0:01:04]} Ke7 {[%emt 0:00:11]} 31. Ke2 {[%emt 0:01:26]} h5 {[%emt 0:00:09]} 32. Rd1 {[%emt 0:02:46]} Rd6 {[%emt 0:00:47]} 33. b4 {[%emt 0:00:32]} Rc6 {[%emt 0:01:00]} 34. Rc1 {[%emt 0:01:05]} Rd6 {[%emt 0:03:05]} 35. c4 {[%emt 0:01:27]} Rd4 {[%emt 0:00:46]} 36. Nf3 {[%emt 0:00:34]} Re4+ {[%emt 0:03:08]} 37. Kd3 {[%emt 0:00:14]} f5 {[%emt 0:00:05]} 38. Rc2 {[%emt 0:00:07]} Kf6 {[%emt 0:01:04]} 39. Rb2 {[%emt 0:05:36]} g5 {[%emt 0:00:09]} 40. c5 {[%emt 0:00:39]} a5 {[%emt 0:03:20]} 41. Nd2 {[%emt 0:01:53]} Re5 {[%emt 0:02:02]} 42. bxa5 {[%emt 0:00:27]} Rd5+ {[%emt 0:01:40]} 43. Kc3 {[%emt 0:02:36]} Bxc5 {[%emt 0:01:06]} 44. Rxb7 {[%emt 0:00:38]} Bd4+ {[%emt 0:00:13]} 45. Kb3 {[%emt 0:00:38]} Rxa5 {[%emt 0:03:45]} 46. Nc4 {[%emt 0:00:27]} Ra6 {[%emt 0:02:26]} 47. f4 {[%emt 0:00:43]} h4 {[%emt 0:02:53]} 48. fxg5+ {[%emt 0:00:44]} Kxg5 {[%emt 0:00:06]} 49. gxh4+ {[%emt 0:00:05]} Kxh4 {[%emt 0:00:05]} 50. a5 {[%emt 0:03:27]} Kxh3 {[%emt 0:03:10]} 51. Kc2 {[%emt 0:00:57]} Kg3 {[%emt 0:01:29]} 52. Kd3 {[%emt 0:00:56]} Bf2 {[%emt 0:01:22]} 53. Ke2 {[%emt 0:01:26]} Ba7 {[%emt 0:00:12]} 54. Kd3 {[%emt 0:00:52]} Kf4 {[%emt 0:00:18]} 55. Rb5 {[%emt 0:00:31]} Bf2 {[%emt 0:00:56]} 56. Ne5 {[%emt 0:00:45]} Rd6+ {[%emt 0:03:42]} 57. Ke2 {[%emt 0:00:12]} Bd4 {[%emt 0:00:26]} 58. Nc4 {[%emt 0:00:43]} Ra6 {[%emt 0:00:34]} 59. Kd3 {[%emt 0:00:28]} Ba7 {[%emt 0:00:10]} 60. Re5 {[%emt 0:00:51]} Bb8 {[%emt 0:00:30]} 61. Rb5 {[%emt 0:00:08]} Bc7 {[%emt 0:00:58]} 62. Rc5 {[%emt 0:00:14]} Bd6 {[%emt 0:00:48]} 63. Rb5 {[%emt 0:00:23]} Bc7 {[%emt 0:01:49]} 64. Rc5 {[%emt 0:00:06]} Ra7 {[%emt 0:00:27]} 65. Rb5 {[%emt 0:00:42]} e5 {[%emt 0:00:13]} 66. Rc5 {[%emt 0:00:20]} e4+ {[%emt 0:00:46]} 67. Ke2 {[%emt 0:00:05]} Bd8 {[%emt 0:00:21]} 68. Rd5 {[%emt 0:00:31]} Bc7 {[%emt 0:01:39]} 69. Rc5 {[%emt 0:00:23]} Bb8 {[%emt 0:00:07]} 70. Rb5 {[%emt 0:00:25]} Bc7 {[%emt 0:01:31]} 71. Rc5 {[%emt 0:00:24]} Bxa5 {[%emt 0:00:44]} 72. Rxa5 {[%emt 0:00:08]} Rh7 {[%emt 0:00:07]} 73. Nd6 {[%emt 0:00:20]} Rh2+ {[%emt 0:00:04]} 74. Ke1 {[%emt 0:00:24]} 1/2-1/2

[Event "30th Klatovy A 2024"]
[Site "Klatovy CZE"]
[Date "2024.07.01"]
[Round "3.3"]
[White "Kucera, Petr"]
[Black "Palek, Miroslav"]
[Result "1-0"]
[WhiteElo "2197"]
[BlackElo "2056"]
[PlyCount "21"]
[EventDate "2024.06.29"]
[EventType "swiss"]
[EventRounds "9"]
[EventCountry "CZE"]

1. d4 {[%emt 0:00:04]} c5 {[%emt 0:00:26]} 2. c3 {[%emt 0:00:53]} b6 {[%emt 0:03:53]} 3. Bf4 {[%emt 0:01:49]} Bb7 {[%emt 0:01:09]} 4. e3 {[%emt 0:00:23]} Nf6 {[%emt 0:00:40]} 5. Nd2 {[%emt 0:01:01]} g6 {[%emt 0:01:52]} 6. h4 {[%emt 0:03:48]} Bg7 {[%emt 0:03:00]} 7. h5 {[%emt 0:00:48]} Nxh5 {[%emt 0:00:59]} 8. Rxh5 {[%emt 0:00:11]} gxh5 {[%emt 0:00:09]} 9. Qxh5 {[%emt 0:00:05]} d5 {[%emt 0:04:28]} 10. Ngf3 {[%emt 0:01:04]} Nd7 {[%emt 0:29:17]} 11. Ng5 {[%emt 0:03:51]} 1-0

[Event "30th Klatovy A 2024"]
[Site "Klatovy CZE"]
[Date "2024.07.01"]
[Round "3.4"]
[White "Honcharov, Makar"]
[Black "Routner, Jakub"]
[Result "0-1"]
[WhiteElo "1824"]
[BlackElo "2139"]
[PlyCount "55"]
[EventDate "2024.06.29"]
[EventType "swiss"]
[EventRounds "9"]
[EventCountry "CZE"]

1. e4 {[%emt 0:00:04]} c5 {[%emt 0:00:23]} 2. Nf3 {[%emt 0:00:06]} e6 {[%emt 0:00:12]} 3. d3 {[%emt 0:00:11]} Nc6 {[%emt 0:00:18]} 4. g3 {[%emt 0:00:07]} g6 {[%emt 0:00:42]} 5. Bg2 {[%emt 0:00:18]} Bg7 {[%emt 0:00:15]} 6. O-O {[%emt 0:00:08]} Nge7 {[%emt 0:01:16]} 7. Re1 {[%emt 0:00:56]} O-O {[%emt 0:01:07]} 8. e5 {[%emt 0:00:59]} f6 {[%emt 0:04:39]} 9. exf6 {[%emt 0:01:49]} Bxf6 {[%emt 0:00:47]} 10. Nc3 {[%emt 0:00:33]} Nf5 {[%emt 0:03:26]} 11. Ne4 {[%emt 0:00:32]} Be7 {[%emt 0:00:22]} 12. h4 {[%emt 0:03:27]} b6 {[%emt 0:09:24]} 13. Bg5 {[%emt 0:03:21]} Bb7 {[%emt 0:00:55]} 14. c3 {[%emt 0:06:37]} Kh8 {[%emt 0:07:27]} 15. g4 {[%emt 0:06:44]} Nxh4 {[%emt 0:01:34]} 16. Bxh4 {[%emt 0:00:12]} Bxh4 {[%emt 0:00:10]} 17. g5 {[%emt 0:03:12]} d5 {[%emt 0:13:54]} 18. Nxh4 {[%emt 0:02:14]} dxe4 {[%emt 0:01:52]} 19. Qg4 {[%emt 0:01:01]} Ne5 {[%emt 0:01:46]} 20. Qg3 {[%emt 0:06:43]} Nxd3 {[%emt 0:08:13]} 21. Rad1 {[%emt 0:03:47]} c4 {[%emt 0:22:21]} 22. Bxe4 {[%emt 0:02:57]} Bxe4 {[%emt 0:04:25]} 23. Rxe4 {[%emt 0:00:09]} Qd5 {[%emt 0:01:01]} 24. Rd4 {[%emt 0:00:43]} Qc6 {[%emt 0:07:39]} 25. Nxg6+ {[%emt 0:13:02]} hxg6 {[%emt 0:01:01]} 26. Qh4+ {[%emt 0:00:05]} Kg8 {[%emt 0:00:24]} 27. Qh6 {[%emt 0:05:39]} Nf4 {[%emt 0:05:02]} 28. Qh2 {[%emt 0:03:34]} 0-1

[Event "30th Klatovy A 2024"]
[Site "Klatovy CZE"]
[Date "2024.07.01"]
[Round "3.5"]
[White "Soural, Jan"]
[Black "Pecka, Jan"]
[Result "1/2-1/2"]
[WhiteElo "2098"]
[BlackElo "197"]
[PlyCount "39"]
[EventDate "2024.06.29"]
[EventType "swiss"]
[EventRounds "9"]
[EventCountry "CZE"]

1. Nf3 {[%emt 0:00:01]} e6 {[%emt 0:02:24]} 2. c4 {[%emt 0:05:43]} Nf6 {[%emt 0:01:54]} 3. Nc3 {[%emt 0:00:24]} d5 {[%emt 0:02:29]} 4. d4 {[%emt 0:01:59]} Be7 {[%emt 0:00:41]} 5. cxd5 {[%emt 0:02:18]} exd5 {[%emt 0:00:43]} 6. Bg5 {[%emt 0:00:05]} O-O {[%emt 0:00:19]} 7. e3 {[%emt 0:00:06]} c6 {[%emt 0:00:18]} 8. Qb1 {[%emt 0:06:46]} Ne4 {[%emt 0:01:39]} 9. Bxe7 {[%emt 0:01:21]} Qxe7 {[%emt 0:00:17]} 10. Nxe4 {[%emt 0:11:07]} dxe4 {[%emt 0:03:15]} 11. Nd2 {[%emt 0:00:06]} f5 {[%emt 0:04:04]} 12. Bc4+ {[%emt 0:01:31]} Be6 {[%emt 0:05:00]} 13. Bxe6+ {[%emt 0:05:55]} Qxe6 {[%emt 0:00:05]} 14. Qc2 {[%emt 0:00:40]} Na6 {[%emt 0:11:40]} 15. Qb3 {[%emt 0:10:53]} Qxb3 {[%emt 0:01:41]} 16. Nxb3 {[%emt 0:00:06]} Nb4 {[%emt 0:00:20]} 17. Ke2 {[%emt 0:01:42]} Nd3 {[%emt 0:07:26]} 18. Nc5 {[%emt 0:02:50]} Nxc5 {[%emt 0:01:57]} 19. dxc5 {[%emt 0:01:57]} Rfd8 {[%emt 0:01:31]} 20. Rhd1 {[%emt 0:06:17]} 1/2-1/2

[Event "30th Klatovy A 2024"]
[Site "Klatovy CZE"]
[Date "2024.07.01"]
[Round "3.6"]
[White "Velickov, Dominik"]
[Black "Pycha, Patrik"]
[Result "1-0"]
[WhiteElo "1885"]
[BlackElo "2089"]
[PlyCount "69"]
[EventDate "2024.06.29"]
[EventType "swiss"]
[EventRounds "9"]
[EventCountry "CZE"]

1. d4 {[%emt 0:00:01]} d5 {[%emt 0:00:45]} 2. c4 {[%emt 0:00:18]} e6 {[%emt 0:00:06]} 3. Nc3 {[%emt 0:00:08]} Nf6 {[%emt 0:00:05]} 4. Bg5 {[%emt 0:00:05]} Be7 {[%emt 0:00:07]} 5. e3 {[%emt 0:00:18]} h6 {[%emt 0:00:06]} 6. Bh4 {[%emt 0:00:04]} O-O {[%emt 0:00:06]} 7. Nf3 {[%emt 0:00:10]} b6 {[%emt 0:00:46]} 8. Qb3 {[%emt 0:00:11]} Bb7 {[%emt 0:06:43]} 9. Bxf6 {[%emt 0:00:16]} Bxf6 {[%emt 0:00:10]} 10. cxd5 {[%emt 0:00:09]} exd5 {[%emt 0:01:21]} 11. Rd1 {[%emt 0:00:14]} c6 {[%emt 0:01:28]} 12. Bd3 {[%emt 0:01:59]} Nd7 {[%emt 0:01:28]} 13. O-O {[%emt 0:00:31]} Be7 {[%emt 0:01:42]} 14. e4 {[%emt 0:11:11]} dxe4 {[%emt 0:03:28]} 15. Nxe4 {[%emt 0:00:45]} Nf6 {[%emt 0:02:05]} 16. Rfe1 {[%emt 0:07:43]} Nd5 {[%emt 0:03:50]} 17. Bb1 {[%emt 0:04:27]} Re8 {[%emt 0:13:28]} 18. Ne5 {[%emt 0:04:34]} Bf8 {[%emt 0:12:15]} 19. Qc2 {[%emt 0:11:25]} g6 {[%emt 0:00:49]} 20. Nxc6 {[%emt 0:02:33]} Qc8 {[%emt 0:23:02]} 21. Ne5 {[%emt 0:03:59]} Qxc2 {[%emt 0:01:33]} 22. Bxc2 {[%emt 0:00:26]} Bb4 {[%emt 0:05:15]} 23. Re2 {[%emt 0:06:43]} f5 {[%emt 0:08:24]} 24. Ng3 {[%emt 0:04:58]} Nf4 {[%emt 0:01:57]} 25. Bb3+ {[%emt 0:01:13]} Kg7 {[%emt 0:02:08]} 26. Rc2 {[%emt 0:00:18]} Bxg2 {[%emt 0:07:28]} 27. f3 {[%emt 0:01:34]} Bh3 {[%emt 0:02:42]} 28. Rc7+ {[%emt 0:05:59]} Kf6 {[%emt 0:05:09]} 29. Kf2 {[%emt 0:03:25]} Kg5 {[%emt 0:05:28]} 30. Rg1 {[%emt 0:05:48]} Rxe5 {[%emt 0:06:26]} 31. Ne2+ {[%emt 0:03:52]} Ng2 {[%emt 0:04:14]} 32. dxe5 {[%emt 0:00:44]} Bc5+ {[%emt 0:00:39]} 33. Rxc5 {[%emt 0:00:13]} bxc5 {[%emt 0:00:06]} 34. Kg3 {[%emt 0:00:21]} f4+ {[%emt 0:02:52]} 35. Kxh3 {[%emt 0:00:12]} 1-0

[Event "30th Klatovy A 2024"]
[Site "Klatovy CZE"]
[Date "2024.07.01"]
[Round "3.7"]
[White "Strnad, Jakub"]
[Black "Pasek, Josef"]
[Result "1/2-1/2"]
[WhiteElo "1942"]
[BlackElo "1891"]
[PlyCount "38"]
[EventDate "2024.06.29"]
[EventType "swiss"]
[EventRounds "9"]
[EventCountry "CZE"]

1. e4 {[%emt 0:00:03]} c5 {[%emt 0:00:05]} 2. Nf3 {[%emt 0:00:05]} Nc6 {[%emt 0:00:07]} 3. d4 {[%emt 0:00:09]} cxd4 {[%emt 0:00:18]} 4. Nxd4 {[%emt 0:00:14]} e5 {[%emt 0:00:05]} 5. Nb5 {[%emt 0:00:25]} d6 {[%emt 0:00:08]} 6. a4 {[%emt 0:00:31]} a6 {[%emt 0:01:37]} 7. N5a3 {[%emt 0:00:08]} Nf6 {[%emt 0:01:16]} 8. Nc3 {[%emt 0:03:49]} Bg4 {[%emt 0:01:03]} 9. Be2 {[%emt 0:05:05]} Bxe2 {[%emt 0:01:51]} 10. Qxe2 {[%emt 0:00:12]} Nd4 {[%emt 0:00:23]} 11. Qd1 {[%emt 0:05:52]} d5 {[%emt 0:20:06]} 12. Bg5 {[%emt 0:03:19]} Bxa3 {[%emt 0:03:34]} 13. Rxa3 {[%emt 0:02:33]} dxe4 {[%emt 0:02:06]} 14. Nxe4 {[%emt 0:09:41]} Qa5+ {[%emt 0:06:56]} 15. Bd2 {[%emt 0:01:06]} Qd8 {[%emt 0:01:23]} 16. Nxf6+ {[%emt 0:16:51]} Qxf6 {[%emt 0:00:46]} 17. O-O {[%emt 0:00:18]} O-O {[%emt 0:01:47]} 18. Rg3 {[%emt 0:11:49]} Qe6 {[%emt 0:12:11]} 19. c3 {[%emt 0:08:25]} Nb3 {[%emt 0:02:36]} 1/2-1/2

[Event "30th Klatovy A 2024"]
[Site "Klatovy CZE"]
[Date "2024.07.01"]
[Round "3.8"]
[White "Slovak, Kilian"]
[Black "Sadil, Antonin"]
[Result "1-0"]
[WhiteElo "2271"]
[BlackElo "1956"]
[PlyCount "95"]
[EventDate "2024.06.29"]
[EventType "swiss"]
[EventRounds "9"]
[EventCountry "CZE"]

1. e4 {[%emt 0:00:04]} e5 {[%emt 0:01:21]} 2. Nf3 {[%emt 0:00:26]} Nf6 {[%emt 0:00:10]} 3. d4 {[%emt 0:01:47]} exd4 {[%emt 0:01:25]} 4. e5 {[%emt 0:00:24]} Ne4 {[%emt 0:00:25]} 5. Qxd4 {[%emt 0:00:34]} d5 {[%emt 0:00:15]} 6. exd6 {[%emt 0:01:17]} Nxd6 {[%emt 0:00:28]} 7. Bg5 {[%emt 0:03:56]} Nc6 {[%emt 0:06:33]} 8. Qe3+ {[%emt 0:10:29]} Be7 {[%emt 0:00:20]} 9. Bxe7 {[%emt 0:04:04]} Nxe7 {[%emt 0:02:41]} 10. Nc3 {[%emt 0:00:36]} O-O {[%emt 0:02:54]} 11. O-O-O {[%emt 0:00:20]} Nef5 {[%emt 0:10:33]} 12. Qf4 {[%emt 0:00:19]} Be6 {[%emt 0:07:10]} 13. Bd3 {[%emt 0:02:06]} Rb8 {[%emt 0:15:19]} 14. Bxf5 {[%emt 0:03:44]} Bxf5 {[%emt 0:00:37]} 15. Rxd6 {[%emt 0:00:48]} Qxd6 {[%emt 0:00:43]} 16. Qxf5 {[%emt 0:00:10]} b5 {[%emt 0:00:54]} 17. Kb1 {[%emt 0:03:41]} b4 {[%emt 0:01:06]} 18. Ne4 {[%emt 0:01:45]} Qg6 {[%emt 0:02:20]} 19. Qxg6 {[%emt 0:03:00]} hxg6 {[%emt 0:00:27]} 20. Nc5 {[%emt 0:03:51]} Rb5 {[%emt 0:09:51]} 21. Nd3 {[%emt 0:00:24]} Re8 {[%emt 0:00:53]} 22. h4 {[%emt 0:02:52]} a5 {[%emt 0:02:48]} 23. b3 {[%emt 0:02:41]} a4 {[%emt 0:03:48]} 24. Kc1 {[%emt 0:00:12]} Ra8 {[%emt 0:03:00]} 25. Kd2 {[%emt 0:02:50]} axb3 {[%emt 0:00:43]} 26. axb3 {[%emt 0:00:02]} Rd5 {[%emt 0:04:47]} 27. Nfe5 {[%emt 0:00:29]} c5 {[%emt 0:02:44]} 28. Nc4 {[%emt 0:00:13]} Ra6 {[%emt 0:01:47]} 29. Re1 {[%emt 0:00:46]} Rf6 {[%emt 0:02:52]} 30. Re2 {[%emt 0:00:05]} Rf4 {[%emt 0:03:34]} 31. g3 {[%emt 0:00:09]} Rf6 {[%emt 0:00:36]} 32. Re8+ {[%emt 0:01:05]} Kh7 {[%emt 0:00:14]} 33. Ke3 {[%emt 0:00:08]} Ra6 {[%emt 0:04:09]} 34. Rc8 {[%emt 0:01:09]} Re6+ {[%emt 0:02:08]} 35. Kd2 {[%emt 0:00:43]} g5 {[%emt 0:01:34]} 36. hxg5 {[%emt 0:00:06]} Rxg5 {[%emt 0:00:57]} 37. Rxc5 {[%emt 0:00:08]} Rxc5 {[%emt 0:00:27]} 38. Nxc5 {[%emt 0:00:02]} Rf6 {[%emt 0:00:30]} 39. Nd3 {[%emt 0:00:07]} g5 {[%emt 0:00:43]} 40. Ke3 {[%emt 0:00:06]} Re6+ {[%emt 0:00:25]} 41. Kd2 {[%emt 0:00:52]} Rf6 {[%emt 0:00:21]} 42. Ke2 {[%emt 0:00:06]} Re6+ {[%emt 0:01:01]} 43. Kf1 {[%emt 0:00:10]} f5 {[%emt 0:00:52]} 44. Nxb4 {[%emt 0:00:07]} f4 {[%emt 0:00:14]} 45. gxf4 {[%emt 0:00:06]} gxf4 {[%emt 0:00:11]} 46. Nd3 {[%emt 0:00:13]} f3 {[%emt 0:00:28]} 47. Nce5 {[%emt 0:00:06]} Rf6 {[%emt 0:01:01]} 48. Ne1 {[%emt 0:00:07]} 1-0

[Event "30th Klatovy A 2024"]
[Site "Klatovy CZE"]
[Date "2024.07.01"]
[Round "3.9"]
[White "Benes, Jachym"]
[Black "Janous, Marek"]
[Result "0-1"]
[WhiteElo "1940"]
[BlackElo "2129"]
[PlyCount "46"]
[EventDate "2024.06.29"]
[EventType "swiss"]
[EventRounds "9"]
[EventCountry "CZE"]

1. d4 Nf6 2. c4 e6 3. Nf3 d5 4. Nc3 dxc4 5. e3 a6 6. a4 c5 7. Bxc4 Nc6 8. O-O Be7 9. Ne5 {[%emt 0:38:41]} cxd4 {[%emt 0:32:28]} 10. Nxc6 {[%emt 0:00:32]} bxc6 {[%emt 0:00:07]} 11. exd4 {[%emt 0:00:47]} O-O {[%emt 0:01:02]} 12. Bf4 {[%emt 0:09:59]} Nd5 {[%emt 0:36:49]} 13. Be5 {[%emt 0:29:26]} f6 {[%emt 0:10:34]} 14. Bg3 {[%emt 0:03:18]} a5 {[%emt 0:03:52]} 15. Re1 {[%emt 0:10:13]} Bb4 {[%emt 0:01:57]} 16. Rc1 {[%emt 0:01:19]} Ra7 {[%emt 0:02:41]} 17. Re2 {[%emt 0:13:35]} Raf7 {[%emt 0:04:51]} 18. Rec2 {[%emt 0:08:24]} Bd7 {[%emt 0:09:04]} 19. Qe2 {[%emt 0:04:52]} Re8 {[%emt 0:06:04]} 20. f4 {[%emt 0:02:56]} Qb6 {[%emt 0:01:19]} 21. Qe4 {[%emt 0:03:28]} f5 {[%emt 0:00:51]} 22. Qd3 {[%emt 0:00:40]} Bd6 {[%emt 0:00:22]} 23. Rf1 {[%emt 0:00:55]} Nb4 {[%emt 0:00:11]} 0-1